[Event "YUG-ch53"]
[Site "Belgrade "]
[Date "1998.03.22"]
[Round "9"]
[White "Knezevic, Bojan"]
[Black "Kontic, Djordjije"]
[Result "1/2-1/2"]
[WhiteElo "2420"]
[BlackElo "2330"]
[Annotator "Har Zvi,R"]
[PlyCount "82"]
[EventDate "1998.03.14"]
[EventType "tourn"]
[EventRounds "15"]
[EventCountry "YUG"]
[EventCategory "10"]
[SourceTitle "CBM 064"]
[Source "ChessBase"]
[SourceDate "1998.06.02"]
[SourceVersion "1"]
[SourceVersionDate "1998.06.02"]
[SourceQuality "1"]

1. e4 c5 2. Nf3 g6 3. c3 Bg7 4. d4 cxd4 5. cxd4 d5 6. exd5 Nf6 7. Bb5+ Bd7 8.
Bc4 O-O $6 {this is a new move everybody playes 8...b5 immediately,since now
as happened in the game white can play Nc3 before 0-0} (8... b5 9. Bb3 O-O 10.
O-O Bc8 (10... Bf5 11. Ne5 Bxb1 (11... a5 12. a3 Ra6 13. Nc3 b4 14. axb4 axb4
15. Rxa6 Nxa6 16. Nc6 Qd7 17. Na4 $16 {Dizdar,G-Polgar,S/Bad mergentheim op
1989}) (11... Nxd5 12. Qf3 e6 13. Nc3 Nc7 14. Be3 $16) 12. Rxb1 Nxd5 13. Qe2 $1
a6 14. Nxf7 $1 Kxf7 (14... Rxf7 15. Qe6 $18) 15. Qf3+ Ke8 16. Qxd5 Qxd5 17.
Bxd5 $18 {Tukmakov,V-Sikora,J/Decin 1977/ 24/314 [Tukmakov,V]}) 11. Re1 Nxd5 (
11... a5 12. Nc3 b4 13. Na4 Bb7 14. Bf4 Bxd5 15. Rc1 Bxb3 16. Qxb3 Nd5 17. Bg5
$36 {Horvath,J-Chernikov,O/Debrecen 1988/CBM09}) 12. Nc3 Nxc3 13. bxc3 Nc6 14.
Ng5 e6 (14... Bf5 $2 15. Qf3 Rc8 16. Nxf7 $1 Rxf7 17. g4 $1 $18 {Horvath,
J-Chernikov,O/Debrecen 1988/CBM09}) 15. Qf3 Bb7 16. Qh3 h6 17. Ne4 g5 18. Nc5
Rb8 $13 {Mikhalchishin,A-Seres,L/Nova Gorica op 1997/EXP56}) 9. Nc3 b5 10. Bxb5
(10. Nxb5 $4 Bxb5 11. Bxb5 Qa5+ $19) 10... Bxb5 11. Nxb5 Qa5+ 12. Nc3 Nxd5 {
you have reached quite a simple position,white is a pawn up when it's clear
black has some compensation,it's also clear that the maximum black can get
here is a draw,it means quite nice life for white,I would like to get
something like this each time I play with the white pieces} 13. O-O (13. Qb3
Rd8 $1 (13... Nxc3 $2 14. bxc3 {[%csl Gc3,Gd4]}) 14. O-O (14. Bd2 Nc6 15. Ne2
Qa6 $44 {[%csl Re1]})) (13. Bd2 Nc6 14. Ne2 (14. O-O $5 Rfd8 (14... Nxd4 $2 15.
Nxd4 Bxd4 16. Ne2 Qb6 17. Bh6 $18) 15. Ne2 $14 {I do not know how much you
like passive positions but a pawn up I like!}) 14... Qb6 15. Bc3 $14) 13... Nc6
(13... Nxc3 $2 14. Qe1 $1 $16) 14. Qb3 (14. Bd2 $5 {this transposes to 13.Bd2})
14... Rfd8 15. Nxd5 $6 $11 {[%csl Rd4] after this move a draw can already be
agreed,white managed very easily to make draw in the position... the only
problem is that was black's job! what's the rush here to make a draw,is there
a great danger for white here?? I thnik no} (15. Rd1) (15. Be3 $142 $5 {
probably the best move after black still has to work in order to make a draw}
Rab8 16. Qc2 Qb6 17. Na4 $14 (17. Nxd5 Rxd5 $11) 17... Qb5 18. b3) 15... Qxd5
16. Qxd5 Rxd5 17. Be3 Rb8 18. b3 Nxd4 19. Bxd4 Bxd4 20. Rad1 Rbd8 {[%cal Gd4f2]
} 21. Rxd4 Rxd4 22. Nxd4 Rxd4 {there is no big point in analying the rest of
the game,but what is more interesting is why both players continue to play
this???} 23. Re1 Rd2 24. Kf1 Rxa2 25. Rxe7 Kg7 26. g3 Kf6 27. Re3 Rb2 28. Kg2
a5 29. g4 Rb1 30. h4 h6 31. Rf3+ Ke6 32. Re3+ Kd5 33. Rf3 Kc5 34. g5 hxg5 35.
hxg5 Kd5 36. Rxf7 Rxb3 37. Ra7 (37. Rf6 Ke5 38. Rxg6 Kf5 39. Rg8 a4 $11) 37...
Ke5 38. Rxa5+ Kf4 39. Rc5 Ra3 40. Rb5 Rc3 41. Ra5 Rb3 1/2-1/2

[Event "Hoogovens-B"]
[Site "Wijk aan Zee"]
[Date "1998.01.28"]
[Round "8"]
[White "Kuijf, Marinus"]
[Black "Blees, Albert"]
[Result "1-0"]
[WhiteElo "2460"]
[BlackElo "2445"]
[Annotator "Har Zvi,R"]
[PlyCount "65"]
[EventDate "1998.01.20"]
[EventType "tourn"]
[EventRounds "11"]
[EventCountry "NED"]
[EventCategory "10"]
[SourceTitle "CBM 063"]
[Source "ChessBase"]
[SourceDate "1998.03.26"]
[SourceVersion "1"]
[SourceVersionDate "1998.03.26"]
[SourceQuality "1"]

1. e4 c5 2. Nf3 b6 3. d4 cxd4 4. Nxd4 Bb7 5. Nc3 a6 {white is better,he has
much better devlopement,a6-b6 and Bb7 are not exactly what I like} 6. g3 (6. a4
g6 7. Bc4 Bg7 8. O-O d6 9. f4 Nd7 10. e5 Rc8 11. Bxf7+ Kxf7 12. e6+ Ke8 13.
exd7+ Qxd7 14. Re1 Rc4 15. Be3 Nh6 16. Qd3 Rb4 17. Rad1 Rf8 18. b3 Bxg2 19.
Kxg2 Bxd4 20. Bxd4 Rxd4 21. Qxd4 Qg4+ 22. Kh1 Qf3+ 23. Kg1 Qg4+ 24. Kh1 {
1/2-1/2 Panno,O-Pelikan,J/ARG-ch 1968/MCD-ch}) (6. Be2 e6 (6... d6 7. f4 Nd7 8.
O-O g6 9. Kh1 Bg7 10. Bf3 Rc8 11. a4 Rc4 12. Be3 $14 {1/2-1/2 Lukin,
A-Alexandria,N/St.Petersburg op 1995/EXP 46 (40)}) 7. O-O Qc7 8. f4 d6 9. Bf3
Nd7 10. Kh1 Ngf6 11. Qe1 h5 12. b3 (12. Bd2 Be7 13. Rd1 h4 14. e5 $6 dxe5 15.
fxe5 h3 $40 {/-/+}) 12... Be7 13. Bb2 h4 14. a4 Rc8 15. Qe3 Qc5 16. Rae1 h3 17.
g3 g6 $13 {0-1 Nijboer,F-Barczay,L/Zalaegerszeg 1991/EXT 91 (40)}) 6... e6 7.
Bg2 Bb4 8. Nde2 $5 (8. O-O Ne7 9. f4 (9. Nde2 Ng6) 9... O-O 10. f5 Nbc6 11. Nb3
Ne5 $13 {0-1 Lechtynsky,J-Stulik,V/CSR-ch 1967/MCD-ch (28)}) 8... Nc6 9. O-O
Nf6 (9... Nge7 $6 10. a3 Bxc3 11. Nxc3 $16) 10. Bf4 O-O 11. e5 Ne8 (11... Nh5
12. Be3 $16 {[%csl Rh5]}) 12. Ne4 Ra7 (12... Rc8 $5) (12... Qc8 13. c4 $14) 13.
N2c3 $6 (13. Nd4 $14) 13... Ne7 (13... Qc7 $5 {[%csl Re5] the idea is very
simple...attacking the "e5" pawn when it is not easy to see how white can
defend it} 14. Re1 (14. Nd6 $5) 14... Nxe5 15. Bxe5 Qxe5 16. Qxd7 Qc7 $15) 14.
Na4 Nd5 (14... Bxe4 15. Bxe4 d5 16. exd6 Bxd6 17. Qd3 $36) (14... f5 15. exf6
Nxf6 16. Nxf6+ Rxf6 17. Bxb7 Rxb7 18. c3 $16) 15. Bg5 Qc7 (15... f6 $5 16. exf6
Ndxf6 (16... Nexf6 17. c4) 17. Qd4 $1 {[%csl Rb4,Rb6]} Be7 (17... Ba5 18. b4
$18) 18. Nxf6+ Nxf6 19. Qxb6) 16. c4 Qxc4 (16... Ne7 17. c5 (17. a3 $1 Bxe4 18.
Bxe4 Qxe5 (18... Bc5 19. Nxc5 Qxc5 20. b4 $18) 19. axb4 Qxg5 20. Nxb6 $14 {/+/-
}) 17... Nd5 18. cxb6 Nxb6 19. Nxb6 Bxe4 20. Bxe4 Qxb6 21. Be3 Bc5 22. Bxh7+
Kh8 (22... Kxh7 23. Qc2+ $18) 23. Qh5 Bxe3 24. fxe3 Qxe3+ 25. Rf2 $14) 17. a3
$1 Bc5 (17... Be7 18. Rc1 Qb5 19. Nec3 Bxg5 (19... Nxc3 20. Nxc3 Qxf1+ 21. Bxf1
Bxg5 22. f4 Be7 23. Na4 $18) 20. Nxb5 axb5 21. Bxd5 $18) (17... Ba5 18. Rc1 Qb5
19. b4 $16 {/+-}) (17... h6 18. Bh4) 18. Nexc5 bxc5 19. Rc1 Qd4 (19... Qb5 20.
Rxc5 $18) (19... Qa2 20. Qc2 $18) 20. Qxd4 cxd4 21. Bxd5 Bxd5 22. Be7 f6 (22...
Nc7 23. Bc5 Rb7 24. Bxf8 Kxf8 25. Nc5) (22... Bf3 $5 {this seems as a critical
move for black since he threateness now to advance his "d" pawn}) 23. Bxf8 Kxf8
24. f4 a5 $2 {the decisive mistake,after this white simply wins the "d" pawn
and the game with it} (24... d6 $8 {black must try to defend his "d" pawn,this
seems very natural with the idea tp play "e5"} 25. Nb6 (25. Rcd1 dxe5 26. fxe5
Rc7 27. Nb6 Bb7 $132) 25... Be4 (25... dxe5 26. Nxd5 exd5 27. fxe5) 26. Rfe1 d5
27. Red1 d3 28. Na4 $1 {[%cal Ga4c5,Gc5d3]}) 25. Rfd1 $18 {the game is over} g5
26. Rxd4 gxf4 27. Rxf4 Kg7 28. exf6+ Nxf6 29. Rcf1 Ne4 30. Nc3 Nxc3 31. Rg4+
Kh6 32. bxc3 Rb7 33. h4 1-0

[Event "RUS-Cup3"]
[Site "Omsk"]
[Date "1996.??.??"]
[Round "5"]
[White "Sadvakasov, Darmen"]
[Black "Permiakov, Vladimir"]
[Result "0-1"]
[WhiteElo "2360"]
[BlackElo "2400"]
[Annotator "Hecht,H"]
[PlyCount "138"]
[EventDate "1996.12.13"]
[EventType "swiss"]
[EventRounds "9"]
[EventCountry "RUS"]
[SourceTitle "CBM 057"]
[Source "ChessBase"]
[SourceDate "1997.04.01"]
[SourceVersion "1"]
[SourceVersionDate "1997.04.01"]
[SourceQuality "1"]

1. e4 c5 2. Nf3 g6 3. c3 Bg7 4. d4 cxd4 5. cxd4 d5 6. exd5 Nf6 7. Bb5+ Nbd7 8.
d6 Ne4 9. dxe7 Qa5+ 10. Nc3 Nxc3 11. Bxd7+ Bxd7 12. Qd2 Rc8 13. bxc3 Qxc3 14.
Qxc3 Rxc3 15. Kd2 Rc4 16. Re1 Bf5 17. Ba3 Rc2+ 18. Kd1 Rxf2 19. Re2 Rf1+ 20.
Re1 Rf2 21. Re2 Rf1+ 22. Re1 Rxe1+ 23. Kxe1 Be4 24. Rc1 Kd7 25. Kf2 f6 26. d5
f5 27. d6 Bc6 28. Rc4 Bf6 29. Ne1 Rc8 30. Nd3 Bb5 31. Rxc8 Kxc8 32. Ke3 Be8 33.
Kf4 Kd7 34. Bb4 b6 35. h3 Ke6 36. g4 g5+ 37. Ke3 f4+ 38. Ke2 Bb5 39. Kd2 Kd7
40. Nf2 h6 41. Ne4 Bd4 42. Bc3 Bxc3+ 43. Kxc3 {[#] starker L bei verteilten
Bauernmehrheiten und offener Stellung. Verbundene weiße Freibauern gehen durch
Zugzwang verloren. Subtile Technik.} Ke6 $1 44. Kd4 Bc6 45. a3 Bd7 46. Nf2 (46.
Kd3 Ke5 $19) 46... Kxd6 47. h4 Kxe7 48. hxg5 hxg5 49. Ke5 Be6 50. Ne4 Bxg4 51.
Nxg5 f3 52. Ne4 Bh5 53. Kf4 Ke6 54. Ke3 Ke5 55. Nc3 a6 56. Na4 b5 57. Nc5 a5
58. Nd7+ Ke6 59. Nc5+ Kd5 60. Nb3 a4 61. Nd2 Kc5 62. Ne4+ Kd5 63. Nd2 b4 64.
axb4 Bg6 65. Nxf3 a3 66. Nd2 Bc2 67. Nf1 a2 68. Kd2 Bg6 69. Ne3+ Ke6 0-1

[Event "Mitropa Cup 21st"]
[Site "Leipzig"]
[Date "2002.05.06"]
[Round "4.1"]
[White "Sedina, Elena"]
[Black "Kalod, Radek"]
[Result "1-0"]
[WhiteElo "2407"]
[BlackElo "2472"]
[Annotator "Hecht,H"]
[PlyCount "144"]
[EventDate "2002.05.03"]
[EventType "team-tourn"]
[EventRounds "9"]
[EventCountry "GER"]
[SourceTitle "CBM 089"]
[Source "ChessBase"]
[SourceDate "2002.08.12"]
[SourceVersion "1"]
[SourceVersionDate "2002.08.12"]
[SourceQuality "1"]
[WhiteTeam "Italy"]
[BlackTeam "Czech Republic"]
[WhiteTeamCountry "ITA"]
[BlackTeamCountry "CZE"]

1. e4 c5 2. Nf3 b6 3. d4 cxd4 4. Nxd4 Bb7 5. Bd3 g6 6. f4 Bg7 7. Nf3 Nc6 8. Nc3
d6 9. O-O Nf6 10. Qe1 O-O 11. Qh4 e6 12. f5 exf5 13. exf5 Ne5 14. Nxe5 dxe5 15.
fxg6 fxg6 16. Be3 e4 17. Bc4+ Kh8 18. Rad1 Qc7 19. Bb3 Rad8 20. Rxd8 Qxd8 21.
Qg5 Qd7 22. h3 Bc6 23. a4 Qe8 24. a5 Nd7 25. Rxf8+ Qxf8 26. axb6 axb6 27. Bd5
Bf6 28. Qg4 Qd6 29. Qxe4 Nc5 30. Qf4 Qxf4 31. Bxf4 Bxc3 32. Bxc6 Bxb2 {
Läuferpaar gegen Läufer+Springer bei leergefegtem Zentrum. Weiß setzt seinen
König ein und gewinnt den b-Bauern.} 33. Kf1 Bd4 34. Bh6 Bg7 35. Bg5 Bd4 36.
Ke2 Kg7 37. Bd5 Bf6 38. Bf4 Nd7 39. Kd3 {[%csl Rb6][%cal Gd3c4,Gc4b5]} Be5 $6 (
39... b5 $142 $5) 40. Be3 Nc5+ 41. Kc4 Kf6 42. Kb5 Ke7 $6 (42... Bc7 $142 43.
Kc6 Bd8 44. Bf4 $16) 43. Kxb6 Nd7+ 44. Kb5 Bc3 45. Kc4 Ba5 46. Bc6 Ne5+ 47. Kd5
Bc3 48. Bg5+ Kf7 49. Bb5 h5 50. Be3 Kf6 51. Bd4 Bxd4 52. Kxd4 {Läufer +
entfernter Mehrfreibauer gegen Springer. Achtung: falscher weißer Randbauer!}
Ke6 53. c4 g5 54. Be8 h4 55. Bh5 Nc6+ 56. Ke4 Ne7 57. c5 Kd7 58. Ke5 Kc6 59.
Ke6 Nc8 60. Kf6 Kxc5 61. Kxg5 Kd6 62. Kxh4 Ke7 {Läufer bei zwei Mehrbauern
aber mit falschem Randbauer gegen Springer} 63. Kg5 Kf8 64. Kf6 Nd6 65. Bg6 Nc4
(65... Nf7 66. g4 Nh6 67. Bf5 {und Weiß gewinnt langsam aber sicher, z.B.} Nf7
68. h4 (68. g5 $2 Nxg5 $11) 68... Nh6 69. g5 Ng8+ 70. Ke5 Kg7 71. h5 Nh6 72.
Be6 Kh7 73. Kf6 Kh8 74. Kg6 Nf7 75. Kxf7 $18) 66. g4 Ne3 67. Be4 Nd1 68. g5 Nf2
69. Bf5 Kg8 70. g6 Nxh3 71. Bxh3 Kh8 72. g7+ Kh7 1-0

[Event "Cutro 05th"]
[Site "Cutro"]
[Date "1999.04.29"]
[Round "8"]
[White "Borgo, Giulio"]
[Black "Chatalbashev, Boris"]
[Result "1-0"]
[WhiteElo "2448"]
[BlackElo "2524"]
[Annotator "Hecht,H"]
[PlyCount "111"]
[EventDate "1999.04.??"]
[EventType "tourn"]
[EventRounds "11"]
[EventCountry "ITA"]
[EventCategory "10"]
[SourceTitle "CBM 071"]
[Source "ChessBase"]
[SourceDate "1999.08.01"]
[SourceVersion "1"]
[SourceVersionDate "1999.08.01"]
[SourceQuality "1"]

1. e4 c5 2. Nf3 g6 3. d4 cxd4 4. Nxd4 Nf6 5. f3 Nc6 6. c4 Bg7 7. Nc2 d6 8. Nc3
Nh5 9. Qd2 f5 10. exf5 Bxf5 11. Ne3 Bh6 12. Qf2 O-O 13. Nxf5 Bxc1 14. Rxc1 Rxf5
15. Bd3 Re5+ 16. Be4 Nf4 17. Qd2 Qf8 18. O-O Qh6 19. Kh1 g5 20. Nd5 Rf8 21. Ne3
Qh5 22. b4 Rxe4 23. fxe4 Ne5 24. c5 dxc5 25. Rxc5 Ned3 26. Rf5 Rd8 27. Nd5 Rxd5
28. Rxd5 Nxd5 29. exd5 Qg6 30. Qe3 g4 31. Kg1 Qb6 32. Qxb6 axb6 {[#] Starke
Überlegenheit des Turms bei offener Stellung und vielen schwachen schwarzen
Bauern. Die zwei Gewinnideen: Opfer des Turms gegen S+Bauer; S-Einkreisung.}
33. a3 Nb2 34. Rf4 h5 35. Rd4 b5 36. Kf2 Kf7 (36... Nc4 37. Rxc4 bxc4 38. b5
Kf7 39. Ke3 b6 40. Kd4 Ke8 41. Kxc4 Kd7 42. Kd4 Kd6 43. g3 $18) 37. d6 exd6 38.
Rxd6 Nc4 39. Rd7+ Kg6 40. Rxb7 Nxa3 41. Ke2 Nc2 42. Kd2 Na3 43. Rc7 Kf5 44. Kd3
Kf4 45. Rc3 Nc4 46. Kd4 (46. Rxc4+ bxc4+ 47. Kxc4 Ke3 48. b5 Kf2 49. b6 Kxg2
50. b7 Kxh2 51. b8=Q+ g3 52. Kd3 $18) 46... Nd2 47. Rc2 Ne4 48. Re2 Nd6 49. g3+
Kf3 50. Re5 Kg2 51. Rxh5 Ne8 52. Ke5 Nc7 53. Rh6 Kf3 54. Rc6 Ne8 55. Rc8 Ng7
56. Rg8 1-0

[Event "Julian Borowski-A 4th"]
[Site "Essen"]
[Date "2002.05.23"]
[Round "7"]
[White "Luther, Thomas"]
[Black "Zvjaginsev, Vadim"]
[Result "0-1"]
[WhiteElo "2566"]
[BlackElo "2645"]
[Annotator "Hecht,H"]
[PlyCount "126"]
[EventDate "2002.05.16"]
[EventType "tourn"]
[EventRounds "9"]
[EventCountry "GER"]
[EventCategory "16"]
[SourceTitle "CBM 090"]
[Source "ChessBase"]
[SourceDate "2002.09.20"]
[SourceVersion "1"]
[SourceVersionDate "2002.09.20"]
[SourceQuality "1"]

1. e4 c5 2. Nf3 g6 3. d4 Bg7 4. dxc5 Qa5+ 5. c3 Qxc5 6. Be3 Qc7 7. Qd2 Nf6 8.
Bd3 Ng4 9. Bg5 Nc6 10. Na3 a6 11. Nc4 b5 12. Ne3 Nxe3 13. Bxe3 Rb8 14. Bh6 O-O
15. O-O Rd8 16. Bxg7 Kxg7 17. Bc2 Rb6 18. Rae1 d6 19. Nd4 Na5 20. Qg5 f6 21.
Qg3 Nc4 22. Nf5+ Kh8 23. Ne3 Nxe3 24. Rxe3 Be6 25. Bb3 Bc4 26. Rb1 a5 27. Qh4
Rg8 28. Ra1 Qc5 29. Bc2 b4 30. Bb3 Bxb3 31. axb3 Qe5 32. Qg3 Qxg3 33. hxg3 bxc3
34. Rxc3 Rb5 35. Rc7 Re8 36. f3 Kg7 37. Ra3 Kf7 38. Ra7 Reb8 39. R7xa5 Rxa5 40.
Rxa5 Rxb3 41. Ra2 h5 42. Kf2 g5 43. Ke2 g4 44. Kf2 Kg6 45. Ra7 Rxb2+ 46. Kf1 e5
47. Rd7 Rd2 48. Rd8 f5 49. exf5+ Kxf5 50. Rh8 Kg5 51. Rg8+ Kf6 52. Rh8 e4 53.
fxe4 Rd4 54. Rh6+ Ke5 55. Rxh5+ Kxe4 56. Ke2 Ra4 57. Rg5 Ra2+ 58. Kd1 Kd3 59.
Rd5+ $2 (59. Ke1 Re2+ 60. Kf1 Re4 61. Rd5+ Rd4 62. Rg5 Ke3 63. Kg1 d5 (63...
Rd1+ 64. Kh2 {Pattstellung} d5 65. Re5+ Kd4 66. Rxd5+ $11) 64. Re5+ Kd2 65. Kf2
$15 {wegen passivem schwarzen Turm}) (59. Kc1 $5) 59... Ke3 60. Rxd6 Rxg2 61.
Re6+ Kf3 62. Rg6 Rxg3 63. Rf6+ Ke3 (63... Ke3 64. Ke1 (64. Re6+ Kf2 $19) 64...
Rg1+ 65. Rf1 Rxf1+ 66. Kxf1 Kf3 67. Kg1 Kg3 $19) 0-1

[Event "San Martin"]
[Site "San Martin"]
[Date "1994.??.??"]
[Round "11"]
[White "Rodriguez Vila, Andres"]
[Black "Larsen, Bent"]
[Result "1-0"]
[WhiteElo "2435"]
[BlackElo "2560"]
[Annotator "Horvath,Ta"]
[PlyCount "51"]
[EventDate "1994.04.??"]
[EventType "tourn"]
[EventRounds "11"]
[EventCountry "ARG"]
[EventCategory "9"]
[SourceTitle "CBM 042"]
[Source "ChessBase"]
[SourceDate "1994.10.01"]
[SourceVersion "1"]
[SourceVersionDate "1994.10.01"]
[SourceQuality "1"]

1. e4 c5 2. Nf3 g6 3. h4 $5 h5 4. d4 cxd4 5. Bc4 Nc6 (5... Bg7 6. c3 e6 7. cxd4
d5 8. exd5 exd5 9. Bb5+ Bd7 $13) 6. c3 dxc3 $2 (6... e6 7. cxd4 d5 8. exd5 exd5
9. Bb5 Nge7 10. Bg5 Bg7 11. Qe2 Be6 $13) 7. Nxc3 Nf6 8. Bf4 d6 $2 (8... Bg7
$142) 9. Ng5 e6 10. Nb5 $18 a6 11. Nxd6+ Bxd6 12. Bxd6 Qa5+ (12... Ne7 13. Be5
Qxd1+ 14. Rxd1 Neg8 15. Rd8+ $1 Ke7 16. Ke2 $1 {/\Rhd1+-}) 13. b4 $1 Qd8 (13...
Nxb4 14. O-O) 14. Rh3 Ng4 15. Bb3 a5 16. Qd2 a4 17. Bc4 Qb6 18. Rd1 f6 19. Bc5
Qc7 20. Nxe6 Bxe6 21. Bxe6 Rd8 22. Rd3 Rxd3 23. Qxd3 Nge5 24. Qb5 Rh7 25. Bd6
Qg7 26. Qxa4 1-0

[Event "New York op"]
[Site "New York"]
[Date "1991.??.??"]
[Round "2"]
[White "Yermolinsky, Alex"]
[Black "Davies, Nigel Rodney"]
[Result "1-0"]
[WhiteElo "2565"]
[BlackElo "2500"]
[Annotator "King,D"]
[PlyCount "93"]
[EventDate "1991.03.??"]
[EventType "swiss"]
[EventRounds "9"]
[EventCountry "USA"]
[SourceTitle "CBM 023"]
[Source "ChessBase"]
[SourceDate "1991.08.01"]
[SourceVersion "1"]
[SourceVersionDate "1991.08.01"]
[SourceQuality "1"]

1. Nf3 g6 2. e4 Bg7 3. d4 c5 4. dxc5 Qa5+ 5. Nfd2 $5 (5. c3 Qxc5 6. Be3 Qc7 7.
Bd4 Nf6 8. e5 Ng4 9. e6 f6 10. h3 Nh6 11. Na3 Nc6 $13 {Baretic-Romanishin,
Novi Sad 1975.}) 5... Qxc5 6. c4 $1 d6 7. Be2 b6 8. O-O Bb7 9. a3 Nd7 10. b4
Qc8 11. Ra2 a5 12. Qb3 Ngf6 13. Nc3 $14 O-O 14. Rc2 axb4 15. axb4 e6 16. Rd1
Qb8 17. f3 Re8 18. Nf1 Bf8 19. Bg5 h6 20. Be3 Bc6 21. Ng3 h5 22. Nf1 Ra7 23.
Bf4 Ne5 24. Rcd2 Nh7 25. Ne3 g5 26. Bg3 Nf6 27. Nc2 h4 28. Bf2 Rd7 29. Nd4 Ba8
30. Ndb5 Bc6 31. Na4 Bxb5 32. cxb5 d5 33. Nxb6 Rb7 34. Qe3 Ng6 35. Ra2 Nf4 36.
e5 Rxb6 37. Qxb6 Qxe5 38. Qe3 Qb8 39. Bf1 e5 40. Qa7 Bxb4 41. Qxb8 Rxb8 42. Rb1
Bd6 43. Ra6 Rd8 44. b6 Nd7 45. b7 Nb8 46. Rxd6 Rxd6 47. Rc1 1-0

[Event "Olympiad-34"]
[Site "Istanbul"]
[Date "2000.10.30"]
[Round "3.1"]
[White "Markowski, Tomasz"]
[Black "Danner, Georg"]
[Result "1-0"]
[WhiteElo "2568"]
[BlackElo "2437"]
[Annotator "Konikowski,J"]
[PlyCount "65"]
[EventDate "2000.10.28"]
[EventType "team-swiss"]
[EventRounds "14"]
[EventCountry "TUR"]
[SourceTitle "EXT 2001"]
[Source "ChessBase"]
[SourceDate "2000.11.22"]
[SourceVersion "1"]
[SourceVersionDate "2000.11.22"]
[SourceQuality "1"]
[WhiteTeam "Poland"]
[BlackTeam "Austria"]
[WhiteTeamCountry "POL"]
[BlackTeamCountry "AUT"]

1. Nf3 g6 2. e4 c5 3. d4 Bg7 4. dxc5 Qa5+ 5. c3 Qxc5 6. Na3 (6. Bd3 Nf6 7. O-O
O-O 8. Na3 d6 9. h3 Nbd7 10. Nb5 b6 11. Re1 Bb7 12. Nbd4 Qc7 13. Bc2 Nc5 14.
Nd2 a6 15. N4b3 Ne6 16. Nf1 b5 17. a4 Nc5 18. Nxc5 dxc5 19. f3 Nh5 20. Qe2 b4
$13 {Socko,B-Kiedrowicz,J/Lubniewice 1995/}) 6... d6 $2 {[%mdl 16384]} (6...
Nf6 7. Nb5 b6 (7... O-O 8. Be3 Qc6 9. Bd3 b6 10. e5 Ng4 11. Bf4 f6 12. exf6
Rxf6 13. Nbd4 Qc5 14. Bg3 Bb7 15. h3 Nh6 16. O-O Nc6 17. Nb3 Qd5 18. Qe2 Re6
19. Qc2 Rc8 20. a3 Ne5 21. Bxe5 Bxe5 22. Nbd2 Bg7 23. Rfe1 Qc6 24. Qb3 d5 25.
Bb5 Rxe1+ 26. Rxe1 Qc7 27. Ng5 Qf4 28. Ndf3 Bf6 29. Ne6 Qd6 30. Nfd4 Nf7 31.
Qa4 a5 32. f4 Nd8 $13 {Sutovskij,E-Malakhov,V/Groningen 1994/}) 8. e5 Ng4 9.
Qd4 Nxe5 10. Nxe5 Qxe5+ 11. Qxe5 Bxe5 12. f4 a6 13. fxe5 axb5 14. Bxb5 Nc6 15.
Bf4 Ba6 {1/2-1/2 Robatsch,K-Bilek,I/Havana 1965/}) (6... Bxc3+ $5 7. bxc3 Qxc3+
8. Bd2 Qxa3 $15) 7. Nb5 Qb6 (7... Qc6 8. Be3 b6 9. Bd3 $16) 8. Be3 Qa5 9. Bc4 {
[%cal Rd1d5]} Nc6 10. Qb3 Nd8 11. Nxa7 {[%cal Re3b6]} Be6 12. Qb5+ (12. Bxe6 $5
fxe6 13. Nb5 $16) 12... Qxb5 13. Bxb5+ (13. Nxb5 $5) 13... Bd7 14. Bxd7+ Kxd7
15. Nd2 Bh6 16. Bxh6 Nxh6 17. Nb5 Ne6 18. O-O Rhc8 19. b3 f5 20. Rfe1 Nc5 21.
exf5 Nxf5 22. Nc4 Kc6 23. Nd4+ Nxd4 24. cxd4 Nd3 (24... b5 25. Nb2 Nd7 26. Rxe7
$18) 25. Rxe7 (25. d5+ $5 Kxd5 26. Rad1 Rxc4 27. bxc4+ Kd4 (27... Kxc4 28. Re4+
Kd5 29. Re3 $18) 28. Rxe7 Rxa2 29. Rxb7 Kxc4 30. Rc7+ Nc5 31. Rxh7 $18) 25...
b5 26. Ne3 (26. d5+ $5 Kc5 27. Ne3 $18) 26... Rf8 27. Rd1 Nb4 28. a4 bxa4 29.
Rc1+ Kb6 30. Nc4+ (30. Rc4 $5) 30... Kc6 31. bxa4 d5 32. Ne5+ Kd6 33. Rcc7 (33.
Rcc7 Rad8 34. Rxh7 $18) 1-0

[Event "FRA-chT Gp-B"]
[Site "France"]
[Date "2003.04.05"]
[Round "6.2"]
[White "McShane, Luke J"]
[Black "Nikcevic, Nebojsa"]
[Result "1/2-1/2"]
[WhiteElo "2568"]
[BlackElo "2468"]
[Annotator "McShane,L"]
[PlyCount "161"]
[EventDate "2003.01.31"]
[EventType "team"]
[EventRounds "7"]
[EventCountry "FRA"]
[SourceTitle "CBM 095"]
[Source "ChessBase"]
[SourceDate "2003.07.25"]
[SourceVersion "1"]
[SourceVersionDate "2003.07.25"]
[SourceQuality "1"]
[WhiteTeam "Vandoeuvre"]
[BlackTeam "Besancon"]
[WhiteTeamCountry "FRA"]
[BlackTeamCountry "FRA"]

1. e4 c5 2. Nf3 g6 3. d4 cxd4 4. Qxd4 Nf6 5. Nc3 Nc6 6. Qa4 d6 7. e5 dxe5 8.
Nxe5 Bd7 9. Nxd7 Qxd7 10. Be3 Bg7 11. Rd1 Qc8 12. Be2 O-O 13. O-O a6 14. Qa3
Qf5 15. Qb3 b5 16. Nd5 Ng4 17. Bb6 Rab8 18. Bc7 Rbc8 19. Bg3 e6 20. h3 Nh6 21.
Ne3 Qg5 22. c3 Be5 23. Bxe5 Nxe5 $2 (23... Qxe5 $14) 24. a4 $2 (24. Qa3 $1 Rc6
(24... Ra8 25. f4 Qg3 26. Qc5 $16) (24... f5 $5) 25. f4 Qg3 26. c4 $1 Nxc4 (
26... b4 27. Qb3 $18 {[%csl Re5]}) 27. Nxc4 $18 {[%cal Yg3a3,Gc4a3]}) 24... Rb8
25. axb5 axb5 {[%cal Ye5c4]} 26. Nc2 Nc4 27. Qb4 Nf5 28. b3 Nb6 29. Qg4 Qf6 30.
Qf3 Rfc8 31. g4 Rxc3 32. Qf4 (32. Ne3) 32... e5 33. Qd2 Rxh3 $2 (33... Rbc8 $1
$17) 34. Kg2 $132 Rxb3 (34... Qh4 35. Rh1 $16) (34... Rh4 35. gxf5 Nd5 36. Rg1
Qxf5 37. Kf1 $13) 35. gxf5 Qxf5 36. Rh1 {[%cal Yd2h6]} Qf6 37. Qh6 Qg7 38. Qh4
Nc4 39. Bxc4 (39. Rd8+ $142) 39... bxc4 40. Qxc4 Qf6 41. Qe4 Rb2 42. Rhe1 $1
$11 Rc8 43. Re2 Qg5+ 44. Kf1 Qh5 45. Ke1 Kg7 46. Nd4 Rxe2+ 47. Nxe2 Rc5 48. Rd7
Qh3 (48... Qg5 $2 49. Qb4 $1 $16) 49. Rd5 Rxd5 50. Qxd5 Qf5 51. Ng3 Qf4 52. Ne2
Qf5 53. Ng3 Qf4 54. Ne2 Qf6 55. Nc1 Qe7 56. Nd3 f6 57. Qe4 Qc7 58. Kf1 h5 59.
Kg2 Qd7 60. Nc5 Qe7 61. Nd3 Qd6 62. f3 Kh7 63. Nf2 Qd7 64. Qh4 Kg7 65. Ne4 Qe7
66. Nf2 Qc7 67. Ne4 Qc6 68. Nf2 Qc1 69. Ne4 Qc2+ (69... Qf4 $5) 70. Kg3 Qc6 71.
Kg2 Qe6 72. Nf2 Qe7 73. Ne4 Kf7 74. Nf2 f5 75. Qc4+ Kg7 76. Qd5 g5 77. Nd3 e4 (
77... Kf6 $6 78. Nc5 $36) 78. fxe4 Qxe4+ 79. Qxe4 fxe4 80. Nc5 e3 81. Kf3
1/2-1/2